000 00772nam a22002297a 4500
999 _c16127
_d16127
003 AR-CdUCM
008 190502b ||||| |||| 00| 0 spa d
040 _aMUNICIPALIDAD PROVINCIAL DEL CUSCO
_cBIBLIOTECA MUNICIPAL DEL CUSCO
082 _a121 /
_bK83
100 _aKropp, Gerhard
_935412
245 _aTeoría del conocimiento /
260 _aMéxico :
_bHispano americano,
_c1961.
300 _aTomo 1
_c18 cm.
440 _aManuales Uteha
_n102
_935413
505 _aContenido : La esencia del conocimiento -- Posibilidad del conocimiento -- Fuentes y limites del conocimiento ...
650 _aFilosofía
_9395
650 _aConocimiento
_95704
650 _aSiglo XX
_98
700 _aLang, Desiderio
_935414
942 _2ddc
_cLIBROS
945 _arah
_d02/05/2019